Uplatnenie nezdaniteľnej časti základu dane pri výpočte preddavku na daň z príjmov zo závislej činnosti

Príjmy zo závislej činnosti zamestnávateľ zdaňuje zamestnancom priebežne počas roka preddavkom na daň. Takéto príjmy sa považujú za daňovo nevysporiadané. Spôsob ich zdanenia závisí od toho, či zamestnanec podpísal alebo nepodpísal u zamestnávateľa „Vyhlásenie na zdanenie príjmov fyzických osôb zo...

Descripción completa

Guardado en:
Detalles Bibliográficos
Autor principal: Rabatinová, Marcela, 1977-
Formato: Capítulo de libro
Lenguaje:eslovaco
Materias:
Etiquetas: Agregar Etiqueta
Sin Etiquetas, Sea el primero en etiquetar este registro!

MARC

LEADER 00000nla a2200000 4500
001 0163413
005 20240502072835.7
041 0 |a slo 
044 |a SK 
245 1 0 |a Uplatnenie nezdaniteľnej časti základu dane pri výpočte preddavku na daň z príjmov zo závislej činnosti  |c Marcela Rabatinová 
520 |a Príjmy zo závislej činnosti zamestnávateľ zdaňuje zamestnancom priebežne počas roka preddavkom na daň. Takéto príjmy sa považujú za daňovo nevysporiadané. Spôsob ich zdanenia závisí od toho, či zamestnanec podpísal alebo nepodpísal u zamestnávateľa „Vyhlásenie na zdanenie príjmov fyzických osôb zo závislej činnosti“. Prostredníctvom vyhlásenia si daňovníci uplatňujú nárok na nezdaniteľnú časť základu dane na daňovníka a tiež nárok na daňový bonus na vyživované dieťa. Vyhlásenie môžu podpísať aj študenti, bez ohľadu na to, či pracujú na pracovnú zmluvu alebo na dohodu. Špecificky sa postupuje pri výpočte preddavku na daň z príjmov zo závislej činnosti u poberateľov dôchodkov. 
610 2 0 |a dane z príjmov 
610 2 0 |a základ dane 
610 2 0 |a zdaňovanie 
610 2 0 |a preddavky 
610 2 0 |a zamestnanci 
610 2 0 |a zamestnávatelia 
610 2 0 |a dôchodky 
100 1 |a Rabatinová, Marcela, 1977-